000 00534nam a2200181Ia 4500
008 090123s9999 xx 000 0 und d
082 _b3606
_a891.463/भोसले
100 _aभोसले द.ता.
245 _aमी आणि माझा बाप
250 _a1
260 _c1974
300 _a179
600 _aभोसले द.ता.
630 _aमी आणि माझा बाप
700 _aभोसले द.ता.
730 _aमी आणि माझा बाप
942 _cBOOK
999 _c41686
_d41686